Statistics for United States Landmarks Map Quiz

Click here to take the quiz!

General Stats

  • This quiz has been taken 33,856 times
  • The average score is 16 of 22

Answers on the Map

Answers color-coded by a green-red scale on the quiz's map according to % correct below.
 

Answer Stats

Answer% Correct
Golden Gate Bridge
85%
Niagara Falls
84%
Walt Disney World
83%
Mauna Kea
82%
Hollywood Sign
81%
Statue of Liberty
81%
White House
80%
French Quarter
78%
Mount Rushmore
78%
Grand Canyon
76%
Space Needle
72%
Liberty Bell
71%
Denali
69%
Kennedy Space Center
67%
Gateway Arch
65%
Plymouth Rock
64%
Yellowstone Caldera
64%
Hoover Dam
63%
Mount Rainier
63%
Wrigley Field
63%
Yosemite
58%
Monument Valley
50%

Score Distribution

Percentile by Number Answered

Percent of People with Each Score

Your Score History

You have not taken this quiz